Normal view
MARC view
Entry Personal Name
001 - CONTROL NUMBER
- control field: 17256
003 - CONTROL NUMBER IDENTIFIER
- control field: OSt
005 - DATE AND TIME OF LATEST TRANSACTION
- control field: 20240614161352.0
008 - FIXED-LENGTH DATA ELEMENTS
- fixed length control field: 240614|| aca||aabn | a|a d
040 ## - CATALOGING SOURCE
- Original cataloging agency: OSt
- Transcribing agency: OSt
100 ## - HEADING--PERSONAL NAME
- Personal name: Smale,stephen and Devaney,Robert L
670 ## - SOURCE DATA FOUND
- Source citation: Work cat.: (OSt)8496: Hirsch Morris W...(et al) 17254, Differential Equations, Dynamical Systems and An Introduction to chaos, c2004
